Recollections of the eventful life of a soldier / (Record no. 793271)

MARC details
000 -LEADER
fixed length control field 00763nam a2200253 a 4500
001 - CONTROL NUMBER
control field vtls000969361
003 - CONTROL NUMBER IDENTIFIER
control field NLI
005 - DATE AND TIME OF LATEST TRANSACTION
control field 20210627095154.0
008 - FIXED-LENGTH DATA ELEMENTS--GENERAL INFORMATION
fixed length control field 120112s1856 enk 000 0 eng
039 #9 - LEVEL OF BIBLIOGRAPHIC CONTROL AND CODING DETAIL [OBSOLETE]
-- 201201121809
-- Entertech_02
040 0# - CATALOGING SOURCE
Original cataloging agency NLI
Language of cataloging eng
Transcribing agency Entertech-FY 2010
Description conventions AACR2
041 0# - LANGUAGE CODE
Language code of text/sound track or separate title eng
044 ## - COUNTRY OF PUBLISHING/PRODUCING ENTITY CODE
MARC country code enk
084 ## - OTHER CLASSIFICATION NUMBER
Classification number 124.E.147
100 1# - MAIN ENTRY--PERSONAL NAME
Personal name Donaldson, Joseph,
Dates associated with a name 1793-1830
9 (RLIN) 909708
245 10 - TITLE STATEMENT
Title Recollections of the eventful life of a soldier /
Statement of responsibility, etc. Joseph Donaldson
260 ## - PUBLICATION, DISTRIBUTION, ETC.
Place of publication, distribution, etc. London :
Name of publisher, distributor, etc. Richard Griffin,
Date of publication, distribution, etc. 1856
300 ## - PHYSICAL DESCRIPTION
Extent 334 p. ;
Dimensions 15 cm.
650 #0 - SUBJECT ADDED ENTRY--TOPICAL TERM
Topical term or geographic name entry element Peninsular War, 1807-1814
General subdivision Personal narratives
9 (RLIN) 803766
887 ## - NON-MARC INFORMATION FIELD
Content of non-MARC field
901 ## - LOCAL DATA ELEMENT A, LDA (RLIN)
a IMP74442 :
b 29.9.2010
902 ## - LOCAL DATA ELEMENT B, LDB (RLIN)
a 124.E.147
942 ## - ADDED ENTRY ELEMENTS (KOHA)
Source of classification or shelving scheme Dewey Decimal Classification
Koha item type Books
Holdings
Withdrawn status Lost status Damaged status Not for loan Home library Current library Date acquired Total Checkouts Full call number Date last seen Price effective from Koha item type
        National Library of India National Library of India     124.E.147 27/06/2021 27/06/2021 Books
                                                                           
web counter

Copyright ©2020 The National Library of India, Govt. of India ↔ Hosted by NVLI, MOC ↔ Technology and Design by National Library of India, Ministry of Culture, Govt. of India